00648nam a2200205Ia 4500003000900000008004100009040001300050040001300063041000800076100002000084245006300104250001000167260001500177260000900192300001000201490000600211942000700217999001700224952020100241IT-RoPAU120407s9999 xx 000 0 und d aIT-RoPAU cIT-RoPAU aita aJosef Bonsirven aLe judaisme palestinien au temps de Jésus Christ. 2. ed. aParis aBeauchesne c1934 c23 cm v2 cBK c15455d15455 00102ddc406220_900000000000000_3371aPAULUSbPAULUSd2012-04-11l0o 220.9.33r2012-04-11 00:00:00w2012-04-11yBKzInserito da: Jole In data: 11 luglio 2011 fondo: Via A.Severo 56 Progr:23269